[Event "MCR druzstev mladsich zaku 2019"]
[Site "Trest"]
[Date "2019.06.16"]
[Round "8.4"]
[White "Day, Tobias"]
[Black "Bures, Karel"]
[Result "1-0"]
[BlackElo "1329"]
[WhiteElo "1690"]
[LiveChessVersion "1.4.8"]

1. e4 {[%clk 0:25:17]} e5 {[%clk 0:25:19]} 2. Nf3 {[%clk 0:25:24]} Nc6
{[%clk 0:25:27]} 3. Bc4 {[%clk 0:25:28]} Nf6 {[%clk 0:25:36]} 4. d3
{[%clk 0:25:17]} Bc5 {[%clk 0:25:38]} 5. c3 {[%clk 0:25:25]} d5 {[%clk 0:24:48]}
6. exd5 {[%clk 0:25:19]} Nxd5 {[%clk 0:24:55]} 7. O-O {[%clk 0:24:49]} O-O
{[%clk 0:23:47]} 8. Re1 {[%clk 0:24:08]} Bg4 {[%clk 0:23:32]} 9. Nbd2
{[%clk 0:23:12]} Re8 {[%clk 0:23:13]} 10. Ne4 {[%clk 0:15:41]} Bb6
{[%clk 0:22:49]} 11. h3 {[%clk 0:14:21]} Bh5 {[%clk 0:22:39]} 12. Ng3
{[%clk 0:13:16]} Bg6 {[%clk 0:21:55]} 13. Bd2 {[%clk 0:08:30]} Qd6
{[%clk 0:19:00]} 14. b4 {[%clk 0:05:16]} Rad8 {[%clk 0:14:11]} 15. Qb3
{[%clk 0:04:40]} a6 {[%clk 0:10:46]} 16. Ne4 {[%clk 0:03:46]} Bxe4
{[%clk 0:10:46]} 17. dxe4 {[%clk 0:03:51]} Nce7 {[%clk 0:04:57]} 18. exd5
{[%clk 0:03:44]} Nxd5 {[%clk 0:05:05]} 19. Bxd5 {[%clk 0:03:18]} Qxd5
{[%clk 0:05:12]} 20. Qxd5 {[%clk 0:03:25]} Rxd5 {[%clk 0:05:20]} 21. c4
{[%clk 0:03:26]} Rd7 {[%clk 0:05:01]} 22. c5 {[%clk 0:03:33]} Ba7
{[%clk 0:05:09]} 23. Bc3 {[%clk 0:03:24]} f6 {[%clk 0:05:12]} 24. Rad1
{[%clk 0:03:30]} Red8 {[%clk 0:05:14]} 25. Rxd7 {[%clk 0:03:17]} Rxd7
{[%clk 0:05:21]} 26. Kf1 {[%clk 0:02:54]} b6 {[%clk 0:05:15]} 27. cxb6
{[%clk 0:02:37]} Bxb6 {[%clk 0:05:24]} 28. Ke2 {[%clk 0:02:27]} Kf7
{[%clk 0:04:22]} 29. Rd1 {[%clk 0:02:26]} Rd6 {[%clk 0:03:57]} 30. Nd2
{[%clk 0:00:59]} Ke6 {[%clk 0:03:17]} 31. Nc4 {[%clk 0:00:52]} Rxd1
{[%clk 0:03:24]} 32. Kxd1 {[%clk 0:01:02]} Bxf2 {[%clk 0:03:32]} 33. Ke2
{[%clk 0:01:08]} Bb6 {[%clk 0:03:27]} 34. Kd3 {[%clk 0:01:03]} Kd5
{[%clk 0:03:16]} 35. Nxb6+ {[%clk 0:01:03]} cxb6 {[%clk 0:03:24]} 36. g4
{[%clk 0:01:05]} b5 {[%clk 0:03:33]} 37. Bd2 {[%clk 0:01:08]} g6 {[%clk 0:03:23]}
38. h4 {[%clk 0:00:48]} f5 {[%clk 0:03:23]} 39. gxf5 {[%clk 0:00:39]} gxf5
{[%clk 0:03:31]} 40. h5 {[%clk 0:00:40]} f4 {[%clk 0:03:17]} 41. Be1
{[%clk 0:00:30]} e4+ {[%clk 0:03:12]} 42. Ke2 {[%clk 0:00:29]} Kd4
{[%clk 0:01:54]} 43. h6 {[%clk 0:00:19]} f3+ {[%clk 0:01:02]} 44. Kf2
{[%clk 0:00:23]} Kd3 {[%clk 0:01:07]} 45. a3 {[%clk 0:00:28]} Kd4
{[%clk 0:00:24]} 46. Bd2 {[%clk 0:00:30]} Kd3 {[%clk 0:00:28]} 47. Be1
{[%clk 0:00:27]} Kd4 {[%clk 0:00:16]} 48. Bd2 {[%clk 0:00:35]} Kd3
{[%clk 0:00:25]} 49. Be1 {[%clk 0:00:40]} e3+ {[%clk 0:00:17]} 50. Kxf3
{[%clk 0:00:47]} e2 {[%clk 0:00:25]} 51. Kf2 {[%clk 0:00:37]} Kc2
{[%clk 0:00:33]} 52. Kxe2 {[%clk 0:00:47]} Kb3 {[%clk 0:00:42]} 53. Ke3
{[%clk 0:00:55]} Kxa3 {[%clk 0:00:50]} 54. Kf4 {[%clk 0:01:03]} Ka4
{[%clk 0:00:13]} 55. Kf5 {[%clk 0:01:11]} Kb3 {[%clk 0:00:12]} 56. Kf6
{[%clk 0:01:20]} Kc4 {[%clk 0:00:19]} 57. Kg7 {[%clk 0:01:28]} Kd5
{[%clk 0:00:28]} 58. Kxh7 {[%clk 0:01:36]} Kc6 {[%clk 0:00:37]} 59. Kg7
{[%clk 0:01:44]} Kb6 {[%clk 0:00:42]} 60. h7 {[%clk 0:01:52]} a5 {[%clk 0:00:51]}
61. bxa5+ {[%clk 0:02:00]} Ka6 {[%clk 0:01:00]} 62. h8=Q 1-0

[Event "MCR druzstev mladsich zaku 2019"]
[Site "Trest"]
[Date "2019.06.16"]
[Round "8.5"]
[White "Dudkova, Josefina"]
[Black "Pressler, Tobias"]
[Result "0-1"]
[BlackElo "1595"]
[WhiteElo "1421"]
[LiveChessVersion "1.4.8"]

1. e4 {[%clk 0:25:17]} e5 {[%clk 0:25:14]} 2. Nc3 {[%clk 0:25:08]} Nf6
{[%clk 0:25:10]} 3. Bc4 {[%clk 0:24:43]} Nc6 {[%clk 0:24:10]} 4. d3
{[%clk 0:24:22]} Bc5 {[%clk 0:24:02]} 5. Bg5 {[%clk 0:24:05]} h6 {[%clk 0:23:54]}
6. Bh4 {[%clk 0:23:56]} g5 {[%clk 0:23:34]} 7. Bg3 {[%clk 0:23:42]} d6
{[%clk 0:23:32]} 8. h3 {[%clk 0:23:18]} Bd7 {[%clk 0:22:29]} 9. Nge2
{[%clk 0:22:38]} Qe7 {[%clk 0:21:34]} 10. a3 {[%clk 0:21:03]} a6 {[%clk 0:18:16]}
11. Qd2 {[%clk 0:18:20]} Ba7 {[%clk 0:15:54]} 12. h4 {[%clk 0:15:13]} O-O-O
{[%clk 0:15:04]} 13. f3 {[%clk 0:13:09]} Nd4 {[%clk 0:13:11]} 14. O-O-O
{[%clk 0:10:28]} g4 {[%clk 0:12:51]} 15. Nxd4 {[%clk 0:09:19]} Bxd4
{[%clk 0:12:16]} 16. Bf2 {[%clk 0:07:41]} gxf3 {[%clk 0:11:54]} 17. gxf3
{[%clk 0:07:36]} Rdg8 {[%clk 0:11:16]} 18. Bxd4 {[%clk 0:06:41]} exd4
{[%clk 0:11:20]} 19. Ne2 {[%clk 0:06:18]} c5 {[%clk 0:10:48]} 20. Rdg1
{[%clk 0:05:57]} Be6 {[%clk 0:10:23]} 21. Bxe6+ {[%clk 0:05:05]} fxe6
{[%clk 0:10:17]} 22. Rxg8+ {[%clk 0:04:40]} Rxg8 {[%clk 0:10:14]} 23. Qxh6
{[%clk 0:04:03]} d5 {[%clk 0:09:34]} 24. e5 {[%clk 0:03:39]} Nd7 {[%clk 0:08:54]}
25. Rg1 {[%clk 0:03:17]} Qf7 {[%clk 0:08:36]} 26. Rxg8+ {[%clk 0:03:03]} Qxg8
{[%clk 0:08:44]} 27. Qg5 {[%clk 0:02:58]} Qh8 {[%clk 0:08:38]} 28. f4
{[%clk 0:02:46]} Qh7 {[%clk 0:08:30]} 29. h5 {[%clk 0:02:20]} Nf8
{[%clk 0:07:42]} 30. h6 {[%clk 0:01:58]} Kb8 {[%clk 0:07:06]} 31. Qg7
{[%clk 0:01:48]} Qf5 {[%clk 0:07:15]} 32. Qf6 {[%clk 0:01:41]} Qxf6
{[%clk 0:07:12]} 33. exf6 {[%clk 0:01:49]} Kc7 {[%clk 0:07:20]} 34. Ng3
{[%clk 0:01:46]} Kd7 {[%clk 0:07:10]} 35. Kd2 {[%clk 0:01:37]} Nh7
{[%clk 0:07:09]} 36. Nh5 {[%clk 0:01:37]} Ke8 {[%clk 0:07:17]} 37. c3
{[%clk 0:01:38]} Kf7 {[%clk 0:07:24]} 38. cxd4 {[%clk 0:01:18]} cxd4
{[%clk 0:07:31]} 39. Kc2 {[%clk 0:01:21]} Kg6 {[%clk 0:07:38]} 40. Ng7
{[%clk 0:01:18]} Kxf6 {[%clk 0:07:27]} 41. Kb3 {[%clk 0:01:13]} Kg6
{[%clk 0:07:31]} 42. Kb4 {[%clk 0:01:16]} b6 {[%clk 0:07:37]} 43. Nxe6
{[%clk 0:01:13]} Kxh6 {[%clk 0:07:45]} 44. Nxd4 {[%clk 0:01:20]} Kg6
{[%clk 0:07:51]} 45. Nc6 {[%clk 0:01:22]} Kf5 {[%clk 0:07:51]} 46. Ne7+
{[%clk 0:01:24]} Ke6 {[%clk 0:07:58]} 47. Nc6 {[%clk 0:01:21]} Kd6
{[%clk 0:07:15]} 48. Nd4 {[%clk 0:01:19]} Nf6 {[%clk 0:07:12]} 49. a4
{[%clk 0:01:11]} Nd7 {[%clk 0:07:06]} 50. Nf5+ {[%clk 0:00:53]} Ke6
{[%clk 0:07:03]} 51. Ne3 {[%clk 0:00:55]} Nc5 {[%clk 0:07:03]} 52. d4
{[%clk 0:00:52]} Nd3+ {[%clk 0:07:09]} 53. Kc3 {[%clk 0:00:46]} Nxf4
{[%clk 0:07:16]} 54. Kb3 {[%clk 0:00:44]} Kd6 {[%clk 0:07:18]} 55. Kb4
{[%clk 0:00:41]} Nd3+ {[%clk 0:07:26]} 56. Kc3 {[%clk 0:00:45]} Nf4
{[%clk 0:07:22]} 57. Kb3 {[%clk 0:00:40]} Ne2 {[%clk 0:07:21]} 58. Nc2
{[%clk 0:00:33]} Kc7 {[%clk 0:07:04]} 59. Kb4 {[%clk 0:00:30]} Kc6
{[%clk 0:07:09]} 60. Kb3 {[%clk 0:00:35]} a5 {[%clk 0:07:17]} 61. Ka3
{[%clk 0:00:32]} b5 {[%clk 0:07:16]} 62. axb5+ {[%clk 0:00:32]} Kxb5
{[%clk 0:07:25]} 63. Kb3 {[%clk 0:00:34]} Nc1+ {[%clk 0:04:33]} 64. Ka3
{[%clk 0:00:26]} Kc4 {[%clk 0:04:40]} 65. Ka4 {[%clk 0:00:31]} Nb3
{[%clk 0:03:40]} 66. Ka3 {[%clk 0:00:22]} Nxd4 {[%clk 0:03:38]} 67. Nxd4 0-1

[Event "MCR druzstev mladsich zaku 2019"]
[Site "Trest"]
[Date "2019.06.16"]
[Round "8.6"]
[White "Sehnoutkova, Laura"]
[Black "Mikulka, Martin Michael"]
[Result "1-0"]
[BlackElo "1106"]
[WhiteElo "1406"]
[LiveChessVersion "1.4.8"]

1. e4 {[%clk 0:25:18]} e5 {[%clk 0:25:18]} 2. Nf3 {[%clk 0:25:26]} Nc6
{[%clk 0:25:25]} 3. Bc4 {[%clk 0:25:34]} Nd4 {[%clk 0:25:30]} 4. Nxe5
{[%clk 0:25:00]} Qg5 {[%clk 0:25:35]} 5. Ng4 {[%clk 0:23:21]} Nxc2+
{[%clk 0:25:06]} 6. Qxc2 {[%clk 0:23:10]} Qxg4 {[%clk 0:25:13]} 7. O-O
{[%clk 0:23:17]} Nf6 {[%clk 0:25:10]} 8. Nc3 {[%clk 0:23:16]} Bc5
{[%clk 0:24:48]} 9. d3 {[%clk 0:22:46]} d6 {[%clk 0:24:49]} 10. Qe2
{[%clk 0:22:31]} Qxe2 {[%clk 0:24:37]} 11. Nxe2 {[%clk 0:22:39]} O-O
{[%clk 0:24:41]} 12. Re1 {[%clk 0:22:04]} Be6 {[%clk 0:24:42]} 13. b3
{[%clk 0:21:23]} d5 {[%clk 0:24:19]} 14. exd5 {[%clk 0:20:47]} Bxd5
{[%clk 0:24:22]} 15. Bxd5 {[%clk 0:20:53]} Nxd5 {[%clk 0:24:29]} 16. Nf4
{[%clk 0:20:14]} Nb4 {[%clk 0:24:23]} 17. Re2 {[%clk 0:19:17]} g5
{[%clk 0:24:05]} 18. Nh5 {[%clk 0:17:58]} f6 {[%clk 0:23:22]} 19. Bb2
{[%clk 0:15:42]} Kf7 {[%clk 0:22:05]} 20. Nxf6 {[%clk 0:14:49]} Be7
{[%clk 0:20:21]} 21. Nd7 {[%clk 0:13:23]} Rfe8 {[%clk 0:19:23]} 22. Ne5+
{[%clk 0:13:01]} Kg8 {[%clk 0:18:30]} 23. a3 {[%clk 0:12:35]} Nd5
{[%clk 0:17:45]} 24. g3 {[%clk 0:12:02]} Bf6 {[%clk 0:16:49]} 25. d4
{[%clk 0:10:32]} Rad8 {[%clk 0:15:55]} 26. Ree1 {[%clk 0:09:48]} Re6
{[%clk 0:14:27]} 27. Ng4 {[%clk 0:09:08]} Rde8 {[%clk 0:14:00]} 28. Nxf6+
{[%clk 0:09:14]} Nxf6 {[%clk 0:13:45]} 29. Rxe6 {[%clk 0:09:22]} Rxe6
{[%clk 0:13:51]} 30. Rd1 {[%clk 0:09:24]} Nd5 {[%clk 0:13:17]} 31. Kf1
{[%clk 0:09:01]} Kf7 {[%clk 0:13:17]} 32. Re1 {[%clk 0:09:02]} Rxe1+
{[%clk 0:12:45]} 33. Kxe1 {[%clk 0:09:11]} Nb6 {[%clk 0:12:38]} 34. Ke2
{[%clk 0:09:01]} Ke6 {[%clk 0:12:46]} 35. Ke3 {[%clk 0:08:59]} Kd5
{[%clk 0:12:32]} 36. Kd3 {[%clk 0:08:59]} Nd7 {[%clk 0:12:12]} 37. h3
{[%clk 0:08:40]} Nf6 {[%clk 0:12:18]} 38. g4 {[%clk 0:07:55]} h6 {[%clk 0:12:18]}
39. f3 {[%clk 0:08:01]} c5 {[%clk 0:12:17]} 40. dxc5 {[%clk 0:08:08]} Nd7
{[%clk 0:12:11]} 41. b4 {[%clk 0:08:16]} a5 {[%clk 0:11:46]} 42. Bg7
{[%clk 0:07:47]} axb4 {[%clk 0:11:33]} 43. axb4 {[%clk 0:07:55]} b6
{[%clk 0:11:41]} 44. cxb6 {[%clk 0:07:42]} Nxb6 {[%clk 0:11:49]} 45. Bxh6
{[%clk 0:07:31]} Nd7 {[%clk 0:11:56]} 46. Bxg5 {[%clk 0:07:21]} Ne5+
{[%clk 0:12:04]} 47. Ke3 {[%clk 0:07:26]} Nc4+ {[%clk 0:12:09]} 48. Kf4
{[%clk 0:07:30]} Nd6 {[%clk 0:12:05]} 49. h4 {[%clk 0:07:10]} Nf7
{[%clk 0:12:04]} 50. Kf5 {[%clk 0:07:16]} Nd6+ {[%clk 0:12:02]} 51. Kg6
{[%clk 0:07:08]} Ke6 {[%clk 0:12:06]} 52. h5 {[%clk 0:07:01]} Nf7
{[%clk 0:12:06]} 53. h6 {[%clk 0:07:07]} Ne5+ {[%clk 0:12:11]} 54. Kg7
{[%clk 0:07:03]} Nf7 {[%clk 0:12:16]} 55. h7 {[%clk 0:06:45]} Nh8
{[%clk 0:12:01]} 56. Kxh8 {[%clk 0:06:50]} Kf7 {[%clk 0:12:10]} 57. Bh6
{[%clk 0:06:54]} Kg6 {[%clk 0:12:09]} 58. Kg8 {[%clk 0:07:02]} Kf6
{[%clk 0:12:13]} 59. Bc1 {[%clk 0:07:03]} Kg6 {[%clk 0:12:14]} 60. Kf8
{[%clk 0:06:34]} Kxh7 {[%clk 0:12:18]} 61. Kf7 {[%clk 0:06:42]} Kh8
{[%clk 0:12:32]} 62. b5 {[%clk 0:08:48]} Kh7 {[%clk 0:12:41]} 63. b6
{[%clk 0:08:56]} Kh8 {[%clk 0:12:49]} 64. b7 {[%clk 0:08:55]} Kh7
{[%clk 0:12:58]} 65. Ba3 {[%clk 0:09:03]} Kh8 {[%clk 0:12:53]} 66. b8=Q+
{[%clk 0:08:59]} Kh7 {[%clk 0:13:00]} 67. Qg8+ {[%clk 0:08:58]} 1-0

[Event "MCR druzstev mladsich zaku 2019"]
[Site "Trest"]
[Date "2019.06.16"]
[Round "8.7"]
[White "Juhanak, Daniel"]
[Black "Paseka, Matyas"]
[Result "0-1"]
[BlackElo "1642"]
[WhiteElo "1550"]
[LiveChessVersion "1.4.8"]

1. d4 {[%clk 0:25:15]} d5 {[%clk 0:25:19]} 2. Bf4 {[%clk 0:25:17]} Nf6
{[%clk 0:25:24]} 3. e3 {[%clk 0:25:06]} e6 {[%clk 0:25:31]} 4. Nf3
{[%clk 0:25:05]} c5 {[%clk 0:25:37]} 5. Nbd2 {[%clk 0:24:42]} Nc6
{[%clk 0:25:41]} 6. c3 {[%clk 0:24:45]} Bd6 {[%clk 0:25:45]} 7. Bg3
{[%clk 0:24:26]} O-O {[%clk 0:25:51]} 8. Bd3 {[%clk 0:24:07]} b6 {[%clk 0:25:54]}
9. Ne5 {[%clk 0:23:52]} Bb7 10. O-O {[%clk 0:23:41]} Qc7 {[%clk 0:25:36]} 11. f4
{[%clk 0:23:37]} Ne7 {[%clk 0:24:47]} 12. Qb1 {[%clk 0:23:11]} Rad8 13. h3
{[%clk 0:21:08]} c4 {[%clk 0:16:23]} 14. Bc2 {[%clk 0:20:48]} b5 {[%clk 0:16:31]}
15. Bh2 {[%clk 0:18:36]} h5 {[%clk 0:16:12]} 16. Bg3 {[%clk 0:18:22]} b4
{[%clk 0:15:04]} 17. Bh4 {[%clk 0:17:21]} bxc3 {[%clk 0:14:06]} 18. bxc3
{[%clk 0:16:43]} Nd7 {[%clk 0:11:07]} 19. Qd1 {[%clk 0:12:27]} g6
{[%clk 0:09:08]} 20. Nxd7 {[%clk 0:11:37]} Rxd7 {[%clk 0:08:55]} 21. Bf6
{[%clk 0:11:26]} Nf5 {[%clk 0:08:32]} 22. Bxf5 {[%clk 0:08:40]} exf5
{[%clk 0:07:40]} 23. g4 {[%clk 0:08:05]} Be7 {[%clk 0:04:52]} 24. Bxe7
{[%clk 0:03:53]} Rxe7 {[%clk 0:05:00]} 25. Qe1 {[%clk 0:02:42]} fxg4
{[%clk 0:03:49]} 26. hxg4 {[%clk 0:02:32]} hxg4 {[%clk 0:03:46]} 27. Qg3
{[%clk 0:01:52]} f5 28. Kg2 {[%clk 0:01:39]} Rh7 {[%clk 0:03:22]} 29. Rh1
{[%clk 0:01:40]} Rff7 {[%clk 0:03:30]} 30. Rh4 {[%clk 0:00:49]} Qe7
{[%clk 0:02:53]} 31. Rah1 {[%clk 0:00:32]} Rxh4 {[%clk 0:02:17]} 32. Rxh4
{[%clk 0:00:31]} Rh7 {[%clk 0:02:26]} 33. Rxh7 {[%clk 0:00:36]} Kxh7
{[%clk 0:02:33]} 34. Qh2+ {[%clk 0:00:36]} Kg7 {[%clk 0:02:42]} 35. Nb1
{[%clk 0:00:35]} Bc6 {[%clk 0:02:48]} 36. Qg1 {[%clk 0:00:32]} Ba4
{[%clk 0:02:40]} 37. Nd2 {[%clk 0:00:27]} Qa3 {[%clk 0:02:13]} 38. Qb1
{[%clk 0:00:31]} Qe7 {[%clk 0:01:58]} 39. Qe1 {[%clk 0:00:32]} Bc2
{[%clk 0:02:03]} 40. Nf1 {[%clk 0:00:28]} Qe4+ {[%clk 0:02:00]} 41. Kg1
{[%clk 0:00:33]} Qf3 {[%clk 0:01:33]} 42. Qf2 {[%clk 0:00:32]} Qe4
{[%clk 0:00:50]} 43. Qe1 {[%clk 0:00:35]} Bd3 {[%clk 0:00:58]} 44. Nd2
{[%clk 0:00:41]} Qe7 {[%clk 0:01:00]} 45. Nf1 {[%clk 0:00:40]} Qa3
{[%clk 0:00:16]} 46. Qd2 {[%clk 0:00:47]} Bb1 {[%clk 0:00:21]} 47. Qe1
{[%clk 0:00:41]} Qxa2 {[%clk 0:00:26]} 48. Qc1 {[%clk 0:00:37]} Be4
{[%clk 0:00:31]} 49. Qd2 {[%clk 0:00:42]} Qb1 {[%clk 0:00:39]} 50. Kf2
{[%clk 0:00:35]} a5 {[%clk 0:00:41]} 51. Ng3 {[%clk 0:00:33]} a4 {[%clk 0:00:37]}
52. Nxe4 {[%clk 0:00:35]} fxe4 53. Qe2 {[%clk 0:00:39]} a3 {[%clk 0:00:41]} 54.
Qxg4 {[%clk 0:00:45]} Qb7 {[%clk 0:00:39]} 55. Qg5 {[%clk 0:00:30]} a2
{[%clk 0:00:39]} 56. f5 {[%clk 0:00:29]} Qf7 {[%clk 0:00:42]} 57. Kg3
{[%clk 0:00:29]} a1=Q {[%clk 0:00:47]} 58. fxg6 {[%clk 0:00:18]} Qf3+
{[%clk 0:00:50]} 0-1

[Event "MCR druzstev mladsich zaku 2019"]
[Site "Trest"]
[Date "2019.06.16"]
[Round "8.8"]
[White "Vasinek, Martin"]
[Black "Soucek, Jan"]
[Result "0-1"]
[BlackElo "1595"]
[WhiteElo "1700"]
[LiveChessVersion "1.4.8"]

1. d4 {[%clk 0:25:17]} d5 {[%clk 0:25:13]} 2. c4 {[%clk 0:25:26]} c6
{[%clk 0:25:19]} 3. Nf3 {[%clk 0:25:33]} e6 {[%clk 0:25:20]} 4. e3
{[%clk 0:25:40]} Nf6 {[%clk 0:25:23]} 5. Nbd2 {[%clk 0:25:47]} Nbd7
{[%clk 0:25:24]} 6. Bd3 {[%clk 0:25:50]} dxc4 {[%clk 0:25:17]} 7. Nxc4
{[%clk 0:25:58]} b5 {[%clk 0:25:10]} 8. Nce5 {[%clk 0:26:05]} Bd6
{[%clk 0:25:07]} 9. Nxc6 {[%clk 0:25:59]} Qc7 {[%clk 0:24:53]} 10. Nce5
{[%clk 0:21:37]} O-O {[%clk 0:19:32]} 11. Nxd7 {[%clk 0:21:08]} Bxd7
{[%clk 0:19:30]} 12. O-O {[%clk 0:21:08]} Bc6 {[%clk 0:19:08]} 13. b3
{[%clk 0:19:49]} b4 {[%clk 0:16:13]} 14. Bb2 {[%clk 0:19:32]} Qb7
{[%clk 0:15:52]} 15. Be2 {[%clk 0:18:23]} Rac8 {[%clk 0:15:45]} 16. a3
{[%clk 0:06:33]} a5 {[%clk 0:14:47]} 17. axb4 {[%clk 0:06:21]} Bxb4
{[%clk 0:14:56]} 18. Ba3 {[%clk 0:06:08]} Bb5 {[%clk 0:13:00]} 19. Bxb4
{[%clk 0:03:55]} axb4 {[%clk 0:12:16]} 20. Bxb5 {[%clk 0:03:15]} Qxb5
{[%clk 0:12:25]} 21. Ne5 {[%clk 0:03:03]} Rc3 {[%clk 0:10:06]} 22. Nc4
{[%clk 0:03:11]} Nd5 {[%clk 0:09:11]} 23. Qb1 {[%clk 0:02:34]} Rb8
{[%clk 0:08:40]} 24. Qb2 {[%clk 0:02:33]} Rxc4 {[%clk 0:05:41]} 25. bxc4
{[%clk 0:02:37]} Qxc4 {[%clk 0:05:50]} 26. Rfc1 {[%clk 0:01:55]} Nc3
{[%clk 0:05:59]} 27. Kh1 {[%clk 0:01:56]} h6 {[%clk 0:06:04]} 28. h3
{[%clk 0:02:05]} Qd3 {[%clk 0:04:21]} 29. Ra3 {[%clk 0:01:18]} Rb5
{[%clk 0:01:38]} 30. Rb3 {[%clk 0:01:00]} Qc4 {[%clk 0:01:12]} 31. Ra1
{[%clk 0:00:36]} g6 {[%clk 0:00:34]} 32. Rc1 {[%clk 0:00:29]} Kh7
{[%clk 0:00:37]} 33. Qc2 {[%clk 0:00:15]} Kg7 {[%clk 0:00:29]} 34. Ra1
{[%clk 0:00:14]} Kh7 {[%clk 0:00:24]} 35. Rc1 {[%clk 0:00:14]} Kg7
{[%clk 0:00:24]} 36. Rxc3 {[%clk 0:00:22]} bxc3 {[%clk 0:00:32]} 37. Qxc3
{[%clk 0:00:30]} Qd5 {[%clk 0:00:28]} 38. f3 {[%clk 0:00:34]} Rb3
{[%clk 0:00:26]} 39. Qd2 {[%clk 0:00:41]} Qg5 {[%clk 0:00:24]} 40. Re1
{[%clk 0:00:36]} Qb5 {[%clk 0:00:23]} 41. e4 {[%clk 0:00:40]} Rb2
{[%clk 0:00:32]} 42. Qe3 {[%clk 0:00:49]} Qb4 {[%clk 0:00:25]} 43. Re2
{[%clk 0:00:33]} Rb1+ {[%clk 0:00:19]} 44. Kh2 {[%clk 0:00:42]} Qb8+
{[%clk 0:00:26]} 45. f4 {[%clk 0:00:46]} Rb3 {[%clk 0:00:33]} 46. Qf3
{[%clk 0:00:41]} Rxf3 {[%clk 0:00:40]} 47. gxf3 Qxf4+ 48. Kg2 Qd6
{[%clk 0:00:52]} 49. Rd2 {[%clk 0:01:08]} Qb4 {[%clk 0:01:00]} 50. Rd3
{[%clk 0:01:16]} Qc4 {[%clk 0:01:08]} 51. Rd2 {[%clk 0:01:25]} Qc3
{[%clk 0:01:17]} 52. Re2 {[%clk 0:01:30]} Qxd4 {[%clk 0:01:25]} 53. Rf2
{[%clk 0:01:39]} f5 {[%clk 0:01:31]} 54. exf5 {[%clk 0:01:46]} gxf5
{[%clk 0:01:36]} 55. Kg3 {[%clk 0:01:55]} Qe5+ {[%clk 0:01:41]} 56. f4
{[%clk 0:02:04]} Qe3+ {[%clk 0:01:50]} 57. Rf3 {[%clk 0:02:14]} Qg1+
{[%clk 0:01:59]} 58. Kh4 {[%clk 0:02:23]} Qe1+ {[%clk 0:01:59]} 59. Kh5
{[%clk 0:02:31]} Qe2 {[%clk 0:02:04]} 60. Kh4 0-1

[Event "MCR druzstev mladsich zaku 2019"]
[Site "Trest"]
[Date "2019.06.16"]
[Round "8.9"]
[White "Svoboda, Daniel"]
[Black "Buchta, Bartolomej"]
[Result "1-0"]
[BlackElo "1556"]
[WhiteElo "1458"]
[LiveChessVersion "1.4.8"]

1. e4 {[%clk 0:25:19]} c5 {[%clk 0:25:18]} 2. Nf3 {[%clk 0:25:23]} d6
{[%clk 0:25:25]} 3. d4 {[%clk 0:25:27]} cxd4 {[%clk 0:25:32]} 4. Nxd4
{[%clk 0:25:35]} Nf6 {[%clk 0:25:39]} 5. Nc3 {[%clk 0:25:40]} a6 {[%clk 0:25:48]}
6. Bc4 {[%clk 0:25:48]} e6 {[%clk 0:25:54]} 7. g4 {[%clk 0:25:50]} b5
{[%clk 0:24:56]} 8. Bb3 {[%clk 0:22:33]} b4 {[%clk 0:24:36]} 9. Na4
{[%clk 0:22:06]} Nxe4 {[%clk 0:24:37]} 10. Qe2 {[%clk 0:20:09]} Bb7
{[%clk 0:23:43]} 11. f3 {[%clk 0:18:41]} Qh4+ {[%clk 0:23:38]} 12. Kf1
{[%clk 0:14:47]} Ng3+ {[%clk 0:23:41]} 13. hxg3 {[%clk 0:14:53]} Qxh1+
{[%clk 0:23:49]} 14. Kf2 {[%clk 0:15:01]} Qh2+ {[%clk 0:23:20]} 15. Ke1
{[%clk 0:15:04]} Qxg3+ {[%clk 0:22:45]} 16. Kd2 {[%clk 0:13:44]} e5
{[%clk 0:21:28]} 17. Bxf7+ {[%clk 0:10:41]} Kxf7 {[%clk 0:19:19]} 18. Qc4+
{[%clk 0:10:31]} Ke8 {[%clk 0:19:05]} 19. Qe6+ {[%clk 0:08:28]} Be7
{[%clk 0:19:00]} 20. Nf5 {[%clk 0:08:18]} Qf2+ {[%clk 0:18:15]} 21. Kd3
{[%clk 0:07:48]} Qxf3+ {[%clk 0:17:56]} 22. Be3 {[%clk 0:06:51]} Be4+
{[%clk 0:15:57]} 23. Kd2 {[%clk 0:05:37]} Qg2+ {[%clk 0:13:39]} 24. Ke1
{[%clk 0:04:55]} Bxf5 {[%clk 0:12:40]} 25. gxf5 {[%clk 0:04:58]} Qh1+
{[%clk 0:08:50]} 26. Kd2 {[%clk 0:04:45]} Qxa1 {[%clk 0:07:43]} 27. Qc8+
{[%clk 0:04:03]} Bd8 {[%clk 0:03:18]} 28. Bb6 {[%clk 0:02:56]} Nd7
{[%clk 0:00:59]} 29. Qxa8 {[%clk 0:02:55]} Ke7 {[%clk 0:00:49]} 30. Qd5
{[%clk 0:01:26]} Nxb6 31. Qe6+ {[%clk 0:01:19]} Kf8 {[%clk 0:00:19]} 32. Nxb6
{[%clk 0:01:22]} 1-0

[Event "MCR druzstev mladsich zaku 2019"]
[Site "Trest"]
[Date "2019.06.16"]
[Round "8.10"]
[White "Licka, Denis"]
[Black "Tesar, Jakub"]
[Result "1-0"]
[BlackElo "1528"]
[WhiteElo "1349"]
[LiveChessVersion "1.4.8"]

1. e4 {[%clk 0:25:18]} c5 {[%clk 0:22:10]} 2. Nf3 {[%clk 0:25:27]} Nc6
{[%clk 0:22:14]} 3. d4 {[%clk 0:25:35]} cxd4 {[%clk 0:22:22]} 4. Nxd4
{[%clk 0:25:42]} g6 {[%clk 0:22:27]} 5. Nc3 {[%clk 0:25:48]} Bg7 {[%clk 0:22:28]}
6. Be3 {[%clk 0:25:41]} Nf6 {[%clk 0:22:15]} 7. f3 {[%clk 0:25:14]} d6
{[%clk 0:21:34]} 8. Qd2 {[%clk 0:24:55]} O-O {[%clk 0:21:16]} 9. h4
{[%clk 0:24:24]} Bd7 {[%clk 0:20:40]} 10. h5 {[%clk 0:23:30]} Nxh5
{[%clk 0:19:56]} 11. Nxc6 {[%clk 0:21:57]} bxc6 {[%clk 0:19:14]} 12. g4
{[%clk 0:21:54]} Nf6 {[%clk 0:18:40]} 13. Bh6 {[%clk 0:21:53]} Bxh6
{[%clk 0:17:27]} 14. Qxh6 {[%clk 0:21:56]} Qb6 {[%clk 0:16:12]} 15. e5
{[%clk 0:08:04]} dxe5 {[%clk 0:08:50]} 16. Ne4 {[%clk 0:08:01]} Nh5
{[%clk 0:08:54]} 17. gxh5 {[%clk 0:04:36]} Bf5 {[%clk 0:09:00]} 18. hxg6
{[%clk 0:02:21]} Bxg6 {[%clk 0:09:07]} 19. O-O-O {[%clk 0:00:36]} Rab8
{[%clk 0:08:56]} 20. b3 {[%clk 0:00:42]} Rfd8 {[%clk 0:07:14]} 21. Bd3
{[%clk 0:00:19]} Qd4 {[%clk 0:05:39]} 22. Kb1 {[%clk 0:00:24]} Rb6
{[%clk 0:03:34]} 23. Ng5 {[%clk 0:00:15]} e4 {[%clk 0:03:19]} 24. Bxe4
{[%clk 0:00:12]} Qxd1+ {[%clk 0:03:04]} 25. Rxd1 {[%clk 0:00:21]} Rxd1+
{[%clk 0:03:13]} 26. Kb2 {[%clk 0:00:30]} Bxe4 27. fxe4 {[%clk 0:00:39]} Rf1
{[%clk 0:00:47]} 28. Qxh7+ {[%clk 0:00:44]} Kf8 29. Qh8# 1-0